000 00337nam a2200133Ia 4500
008 220204s9999 xx 000 0 und d
082 _a543.544:54-14
_bSNY
100 _aKirkland, JJ
245 0 _aIntroduction to modern liquid chromatography
250 _a2
260 _aNew York
_bWiley
_c1979
700 _aSnyder, L R
942 _cBK
999 _c36304
_d36304